[Event "Zhukovsky op-A"]
[Site "Zhukovsky"]
[Date "2009.01.??"]
[Round "4"]
[White "Gavrilenko, Viktor"]
[Black "Medvedev, Mikhail"]
[Result "1/2-1/2"]
[WhiteElo "1965"]
[BlackElo "2177"]
[PlyCount "60"]
[EventDate "2009.01.??"]
[EventType "swiss"]
[EventRounds "7"]
[EventCountry "RUS"]
[SourceTitle "EXT 2012"]
[Source "ChessBase"]
[SourceDate "2011.11.24"]
[SourceVersion "1"]
[SourceVersionDate "2011.11.24"]
[SourceQuality "1"]

1. d4 Nf6 2. Nf3 g6 3. c4 Bg7 4. Nc3 0-0 5. e4 d6 6. Bg5 Nbd7 7. Qd2 e5 8. 0-0-0 exd4 9. Nxd4 Nc5 10. f3 Ne6 11. Bh6 Bd7 12. h4 Bxh6 13. Qxh6 Nxd4 14. Rxd4 Nh5 15. g4 Qf6 16. Qe3 Qf4 17. Qxf4 Nxf4 18. e5 Ne6 19. Rd2 Bc6 20. exd6 Bxf3 21. Bg2 Bxg2 22. Rxg2 cxd6 23. Nd5 Kg7 24. h5 h6 25. Rgh2 Rh8 26. hxg6 fxg6 27. Re1 Rhe8 28. Rhe2 Kf7 29. Rf1+ Kg7 30. Rfe1 Kf7 1/2-1/2

[Event "Zhukovsky op-A"]
[Site "Zhukovsky"]
[Date "2009.01.??"]
[Round "1"]
[White "Medvedev, Mikhail"]
[Black "Andreev, Gennadiy"]
[Result "1/2-1/2"]
[WhiteElo "2177"]
[BlackElo "2090"]
[PlyCount "120"]
[EventDate "2009.01.??"]
[EventType "swiss"]
[EventRounds "7"]
[EventCountry "RUS"]
[SourceTitle "EXT 2012"]
[Source "ChessBase"]
[SourceDate "2011.11.24"]
[SourceVersion "1"]
[SourceVersionDate "2011.11.24"]
[SourceQuality "1"]

1. e4 c5 2. Nf3 Nc6 3. d4 cxd4 4. Nxd4 Nf6 5. Nc3 d6 6. Be2 e5 7. Nb3 Be6 8. 0-0 Be7 9. Be3 0-0 10. Bf3 Ne8 11. Qd2 h6 12. Rad1 Bg5 13. Nd5 Bxd5 14. Bxg5 hxg5 15. Qxd5 Qe7 16. c3 Rd8 17. Qd2 g6 18. Rfe1 Nc7 19. Qe3 Ne6 20. g3 f5 21. exf5 gxf5 22. Bd5 f4 23. Qe4 Kg7 24. Nd4 exd4 25. Qxe6 Qxe6 26. Rxe6 dxc3 27. bxc3 Rf6 28. Rxf6 Kxf6 29. Kg2 Rd7 30. Bxc6 bxc6 31. gxf4 gxf4 32. Kf3 Ke5 33. Re1+ Kd5 34. Kxf4 Rf7+ 35. Kg3 Rg7+ 36. Kf3 Rf7+ 37. Kg2 Rg7+ 38. Kf1 Rh7 39. Rd1+ Ke5 40. Kg2 Rg7+ 41. Kf3 Rh7 42. Kg2 Rg7+ 43. Kf1 Rh7 44. Kg2 Rg7+ 45. Kf3 Rh7 46. Re1+ Kf5 47. Kg2 Rg7+ 48. Kh1 Rb7 49. Re2 Rb1+ 50. Kg2 Rc1 51. Re7 Rxc3 52. Rxa7 d5 53. a4 d4 54. a5 Ke6 55. h4 Rc5 56. Kf3 Re5 57. Ra8 Kd7 58. a6 Kc7 59. Ra7+ Kb6 60. Rd7 Kxa6 1/2-1/2

[Event "Zhukovsky Elo-A"]
[Site "Zhukovsky"]
[Date "2008.01.19"]
[Round "8"]
[White "Medvedev, Mikhail"]
[Black "Poplevin, Alexander"]
[Result "1/2-1/2"]
[WhiteElo "2197"]
[BlackElo "2136"]
[PlyCount "77"]
[EventDate "2008.01.02"]
[EventType "tourn"]
[EventRounds "9"]
[EventCountry "RUS"]
[SourceTitle "EXT 2010"]
[Source "ChessBase"]
[SourceDate "2010.11.25"]
[SourceVersion "1"]
[SourceVersionDate "2010.11.25"]
[SourceQuality "1"]

1. e4 e6 2. d4 d5 3. exd5 exd5 4. Nf3 Bg4 5. Be2 Nf6 6. Ne5 Bf5 7. 0-0 Bd6 8. c4 0-0 9. Bg5 h6 10. Bh4 g5 11. Bg3 Ne4 12. c5 Bxe5 13. Bxe5 f6 14. Bg3 Nc6 15. f3 Nxg3 16. hxg3 Kg7 17. Nc3 Ne7 18. Bd3 c6 19. Re1 Bxd3 20. Qxd3 Qc7 21. Re6 Ng6 22. Kf2 Rae8 23. Qe3 Qd7 24. Re1 Rxe6 25. Qxe6 Qxe6 26. Rxe6 Kf7 27. Re3 Re8 28. b4 Rxe3 29. Kxe3 Ne7 30. Kd3 a6 31. a4 h5 32. b5 axb5 33. axb5 Ke6 34. b6 Nf5 35. Ne2 Kf7 36. Kd2 Ke6 37. Kd3 Kd7 38. Kd2 Ne7 39. Ke3 1/2-1/2

[Event "Zhukovsky op"]
[Site "Zhukovsky"]
[Date "2008.??.??"]
[Round "1"]
[White "Orekhovsky, Vasily"]
[Black "Medvedev, Mikhail"]
[Result "1/2-1/2"]
[WhiteElo "2029"]
[BlackElo "2197"]
[PlyCount "105"]
[EventDate "2008.08.22"]
[EventType "swiss"]
[EventRounds "9"]
[EventCountry "RUS"]
[SourceTitle "CBM 126 Extra"]
[Source "ChessBase"]
[SourceDate "2008.11.05"]
[SourceVersion "1"]
[SourceVersionDate "2008.11.05"]
[SourceQuality "1"]

1. e4 d6 2. d4 Nf6 3. Nc3 e6 4. Be3 Be7 5. f4 0-0 6. Be2 d5 7. e5 Nfd7 8. Nf3 c5 9. dxc5 Bxc5 10. Qd2 a6 11. 0-0 Nc6 12. Kh1 b5 13. a3 Qb6 14. Bxc5 Qxc5 15. Rad1 Nb6 16. b4 Qe7 17. Qe3 Rb8 18. Nd4 Nxd4 19. Qxd4 Bd7 20. Nb1 Rfc8 21. c3 Nc4 22. Bxc4 Rxc4 23. Qe3 Rbc8 24. Rd3 Be8 25. Nd2 R4c6 26. Nb3 Qc7 27. Nc5 Qe7 28. g4 f6 29. f5 exf5 30. exf6 Qxe3 31. Rxe3 Rxf6 32. Rxf5 Rd6 33. Re7 d4 34. cxd4 Rxd4 35. Rg5 Bc6+ 36. Kg1 g6 37. h4 Rd2 38. h5 Rf8 39. Ne4 Rd4 40. Rge5 Rf4 41. Nf2 Rd2 42. Re2 Rxe2 43. Rxe2 gxh5 44. gxh5 Bf3 45. Re6 Bxh5 46. Rxa6 Be2 47. Re6 Bc4 48. Re4 Rf3 49. a4 Rf5 50. axb5 Bxb5 51. Ng4 Rg5 52. Kf2 h5 53. Re5 1/2-1/2

[Event "Zhukovsky op"]
[Site "Zhukovsky"]
[Date "2008.??.??"]
[Round "3"]
[White "Zhukovsky, Viacheslav"]
[Black "Medvedev, Mikhail"]
[Result "0-1"]
[WhiteElo "2074"]
[BlackElo "2197"]
[PlyCount "118"]
[EventDate "2008.08.22"]
[EventType "swiss"]
[EventRounds "9"]
[EventCountry "RUS"]
[SourceTitle "CBM 126 Extra"]
[Source "ChessBase"]
[SourceDate "2008.11.05"]
[SourceVersion "1"]
[SourceVersionDate "2008.11.05"]
[SourceQuality "1"]

1. c4 e5 2. Nc3 Nf6 3. g3 Nc6 4. Bg2 Be7 5. d3 0-0 6. e4 Nd4 7. Nge2 Nxe2 8. Qxe2 d6 9. 0-0 Bd7 10. h3 Bc6 11. Be3 Nd7 12. b4 b6 13. Rfc1 Bg5 14. f4 exf4 15. gxf4 Bh6 16. Qh5 Ne5 17. Qe2 Ng6 18. f5 Nf4 19. Qd2 Qg5 20. Bxf4 Qxf4 21. Qxf4 Bxf4 22. Rc2 Be5 23. Rb1 Rfd8 24. Nd5 Rd7 25. Kf2 Ba4 26. Rcc1 Bd4+ 27. Ke2 Bc6 28. Ne3 Re8 29. Nd5 Bb7 30. b5 c6 31. bxc6 Bxc6 32. Nb4 Bb7 33. Nc2 Bf6 34. Ne3 Bg5 35. Rc2 g6 36. Rf1 f6 37. Nd5 Kg7 38. Nc3 gxf5 39. Rxf5 Re5 40. Rf1 Rc7 41. Kd1 Bc6 42. a4 a6 43. Rb2 Rb7 44. Kc2 Ra5 45. Rfb1 Be3 46. Bf3 f5 47. Rf1 f4 48. Bg4 Bxa4+ 49. Nxa4 Rxa4 50. Rb3 Kf6 51. Bc8 Rg7 52. d4 Rxc4+ 53. Kb1 Rxc8 54. Rxe3 Rg1 55. Rxg1 fxe3 56. Kb2 Rc4 57. Rd1 e2 58. Re1 Rxd4 59. Rxe2 Ke5 0-1

[Event "Wch Seniors 17th"]
[Site "Gmunden"]
[Date "2007.09.19"]
[Round "3"]
[White "Onat, Ilhan"]
[Black "Medvedev, Mikhail"]
[Result "1/2-1/2"]
[WhiteElo "2355"]
[BlackElo "2197"]
[PlyCount "115"]
[EventDate "2007.09.17"]
[EventType "swiss"]
[EventRounds "11"]
[EventCountry "AUT"]
[SourceTitle "CBM 120 Extra"]
[Source "ChessBase"]
[SourceDate "2007.11.01"]
[SourceVersion "1"]
[SourceVersionDate "2007.11.01"]
[SourceQuality "1"]

1. d4 d6 2. Nf3 Nf6 3. c4 g6 4. Nc3 Bg7 5. e4 0-0 6. Be2 Nbd7 7. 0-0 e5 8. Be3 Ng4 9. Bg5 f6 10. Bc1 Nh6 11. dxe5 Nxe5 12. Nxe5 fxe5 13. Be3 Be6 14. c5 Nf7 15. cxd6 Nxd6 16. Bc5 Rf7 17. Bxd6 Qxd6 18. Qxd6 cxd6 19. Rfd1 Bf8 20. Rd2 a6 21. Bd1 Rc7 22. Bb3 Bxb3 23. axb3 Rac8 24. Kf1 Kf7 25. Ke2 Ke6 26. Rd5 Rc5 27. Kd3 Bh6 28. Rxc5 Rxc5 29. b4 Rc6 30. g3 Bg5 31. Ra5 Bd8 32. Ra1 Bb6 33. Nd5 Bd4 34. Re1 Rc8 35. f4 Ba7 36. Rf1 Rf8 37. h4 h5 38. Rf3 Bd4 39. b3 Bb2 40. Rf2 Bd4 41. Rc2 Bg1 42. Rc7 Rf7 43. Ke2 Rxc7 44. Nxc7+ Ke7 45. Kf3 Bd4 46. g4 hxg4+ 47. Kxg4 exf4 48. Nd5+ Ke6 49. Nxf4+ Kf7 50. Nd3 Bc3 51. h5 gxh5+ 52. Kxh5 Ke6 53. Kg4 Bd2 54. Kf3 Bg5 55. Kg4 Bh6 56. Kf3 Bg5 57. Kg4 Bh6 58. Kf3 1/2-1/2

[Event "EU-ch Seniors 06th"]
[Site "Davos"]
[Date "2006.08.13"]
[Round "9"]
[White "Medvedev, Mikhail"]
[Black "Jentsch, Dieter"]
[Result "1-0"]
[WhiteElo "2000"]
[BlackElo "2200"]
[PlyCount "71"]
[EventDate "2006.08.05"]
[EventType "swiss"]
[EventRounds "9"]
[EventCountry "SUI"]
[SourceTitle "CBM 113 Extra"]
[Source "ChessBase"]
[SourceDate "2006.09.14"]
[SourceVersion "1"]
[SourceVersionDate "2006.09.14"]
[SourceQuality "1"]

1. e4 e6 2. d4 d5 3. Nc3 Bb4 4. exd5 exd5 5. Nf3 Nf6 6. a3 Ba5 7. b4 Bb6 8. Bg5 c6 9. Be2 0-0 10. Ne5 a5 11. Rb1 h6 12. Bh4 axb4 13. axb4 Nbd7 14. 0-0 Ra3 15. Rb3 Rxb3 16. cxb3 g5 17. Bg3 Qe7 18. b5 c5 19. Na4 Ne4 20. Nxd7 Bxd7 21. Nxb6 Nc3 22. Qd3 Nxe2+ 23. Kh1 Nxg3+ 24. fxg3 Be6 25. Qe3 cxd4 26. Qxd4 Rd8 27. h3 Qc7 28. Rf3 Qc2 29. Kh2 Qe4 30. Qf6 Re8 31. Qxh6 Qe5 32. Qh5 Kg7 33. Nd7 Qe4 34. Qxg5+ Qg6 35. Qe5+ f6 36. Nxf6 1-0